| Tag |
First Indicator |
Second Indicator |
Subfields |
| LEADER |
00000cam a22000001 4500 |
| 001 |
in00000201313 |
| 005 |
20151009064533.0 |
| 008 |
720420s1965 nyu b 000 0 eng |
| 010 |
|
|
|a 65024369
|
| 016 |
7 |
|
|a 014420658
|2 Uk
|
| 019 |
|
|
|a 711608
|a 150647709
|a 976647943
|a 1277091200
|
| 029 |
1 |
|
|a AU@
|b 000000650958
|
| 035 |
|
|
|a (OCoLC)236812
|
| 040 |
|
|
|a DLC
|b eng
|c DLC
|d UBA
|d XND
|d BTCTA
|d LVB
|d AU@
|d CUI
|d OCLCO
|d OCLCF
|d OCLCQ
|d OCLCO
|d DEBBG
|d OCLCQ
|d ALMSI
|d OCLCQ
|d UKMGB
|d OCLCO
|d TEU
|
| 043 |
|
|
|a n-us---
|
| 049 |
|
|
|a TXAM
|
| 050 |
0 |
0 |
|a KF9085.Z9
|b L3
|
| 082 |
0 |
|
|a 340
|
| 082 |
0 |
4 |
|a 340
|
| 100 |
1 |
|
|a Lazarus, Steven S.
|
| 245 |
1 |
0 |
|a Resolving business disputes;
|b the potential of commercial arbitration
|c [by] Steven Lazarus [and others].
|
| 260 |
|
|
|a New York,
|b American Management Association
|c [1965]
|
| 264 |
|
1 |
|a New York :
|b American Management Association,
|c [1965]
|
| 300 |
|
|
|a 208 pages
|c 24 cm.
|
| 336 |
|
|
|a text
|b txt
|2 rdacontent
|
| 337 |
|
|
|a unmediated
|b n
|2 rdamedia
|
| 338 |
|
|
|a volume
|b nc
|2 rdacarrier
|
| 490 |
1 |
|
|a AMA management reports,
|v no. 85
|
| 504 |
|
|
|a Includes bibliographical references.
|
| 505 |
0 |
|
|a The current state of commercial arbitration -- The businessman and commercial arbitration -- The arbitrator -- The lawyer and commercial arbitration -- The statutes, courts, and commercial arbitration -- International commercial arbitration -- The future of commercial arbitration
|
| 530 |
|
|
|a Also issued online.
|
| 540 |
|
|
|a Current Copyright Fee: GBP20.00
|c 0.
|5 Uk
|
| 650 |
|
0 |
|a Arbitration and award
|z United States.
|
| 651 |
|
7 |
|a United States.
|2 fast
|0 (OCoLC)fst01204155
|
| 776 |
0 |
8 |
|i Online version:
|a Lazarus, Steven S.
|t Resolving business disputes.
|d New York, American Management Association [1965]
|w (OCoLC)572387594
|
| 830 |
|
0 |
|a AMA management reports ;
|v no. 85.
|
| 938 |
|
|
|a Baker and Taylor
|b BTCP
|n 65024369 //r88
|
| 999 |
|
|
|a MARS
|
| 999 |
f |
f |
|s 2050032e-bb97-3831-bf1a-a9bab350fce5
|i 2f3433cb-b18a-3623-9a4e-663e4094ab72
|t 0
|
| 952 |
f |
f |
|p ric
|a Texas A&M University
|b Rellis Campus
|c Joint Library Facility
|s JLF
|d Remote Storage
|t 0
|e KF9085.Z9 L3
|h Library of Congress classification
|i unmediated -- volume
|m A14803198883
|